LEADER 01073nam0 2200313 450 001 000041629 005 20151211095636.0 100 $a20150929d--------km-y0itaa50------ba 101 0 $arum 102 $aRO 200 1 $aPoetic? eminescian?$fGheorghe Dr?gan 210 $aIa?i$cJunimea 215 $aVolumi$d19 cm 225 2 $aEminesciana$v49 327 1 $aVol. 1.: Temeiuri folclorice. - 1989. - 201 p. 410 0$12001$aEminesciana$v49 559 1 $aTemeiuri folclorice 606 1 $aPoesia romena 676 $a859.1$v(22. ed.)$9Letteratura romena. Poesia 700 1$aDr?gan,$bGheorghe$0634832 801 0$aIT$bUniversità della Basilicata - B.I.A.$gREICAT$2unimarc 912 $a000041629 996 $aPoetica eminesciana$91183007 997 $aUNIBAS BAS $aLETTERE CAT $aSTD104$b01$c20150929$lBAS01$h1232 CAT $aTTM$b30$c20151211$lBAS01$h0956 FMT Z30 -1$lBAS01$LBAS01$mBOOK$1BASA1$APolo Storico-Umanistico$2DSLF$BCollezione DiSLF$3DF/SE103$63645$5F3645$820150929$f02$FPrestabile Generale$hVol. 1.: Temeiuri folclorice LEADER 02892oam 22008054a 450 001 9910797884803321 005 20231114110104.0 010 $a0-295-99877-6 035 $a(CKB)3710000000498038 035 $a(EBL)4306010 035 $a(SSID)ssj0001569858 035 $a(PQKBManifestationID)16221060 035 $a(PQKBTitleCode)TC0001569858 035 $a(PQKBWorkID)14263062 035 $a(PQKB)10487990 035 $a(Au-PeEL)EBL4306010 035 $a(CaPaEBR)ebr11137375 035 $a(CaONFJC)MIL847820 035 $a(OCoLC)760213183 035 $a(MdBmJHUP)musev2_81593 035 $a(MiAaPQ)EBC4306010 035 $a(EXLCZ)993710000000498038 100 $a20091016d2010 uy 0 101 0 $aeng 135 $aur|n|---||||| 181 $ctxt 182 $cc 183 $acr 200 10$aBioart and the Vitality of Media /$fRobert Mitchell 210 1$aSeattle :$cUniversity of Washington Press,$d2010. 210 4$d©2010. 215 $a1 online resource (177 p.) 225 0 $aIn vivo 300 $aDescription based upon print version of record. 311 $a0-295-99007-4 320 $aIncludes bibliographical references (pages 152-159) and index. 327 $aDefining bioart : representation and vitality -- The three eras of vitalist bioart -- Bioart and the folding of social space -- Affect, framing, and mediacy -- The strange vitality of media -- Bioart and the "newness" of media. 330 8 $a"All rights reserved. No part of this publication may be reproduced or transmitted in any form or by any means, electronic or mechanical, including photocopy, recording, or any information storage or retrieval system, without permission in writing from the publisher."--Jacket. 410 0$aIn vivo (Seattle, Wash.) 606 $aTheme artistique$2rasuqam 606 $aBiotechnologie$2rasuqam 606 $aBiotechnologie$xDans l'art$2ram 606 $aKunst$2gnd 606 $aBiotechnologie$2gnd 606 $aBiotechnology in art$2fast$3(OCoLC)fst01902548 606 $aBiotechnologie dans l'art 606 $aBiotechnology in art 606 $aBiotecnologia$2thub 606 $aTemes en l'art$2thub 606 $aArt i tecnologia$2thub 608 $aLlibres electrònics$2thub 615 7$aTheme artistique. 615 7$aBiotechnologie. 615 7$aBiotechnologie$xDans l'art. 615 7$aKunst 615 7$aBiotechnologie 615 7$aBiotechnology in art. 615 7$aBiotechnologie dans l'art. 615 7$aBiotechnology in art. 615 7$aBiotecnologia 615 7$aTemes en l'art 615 7$aArt i tecnologia 676 $a701/.05 700 $aMitchell$b Robert$f1969-$0845952 801 0$bMdBmJHUP 801 1$bMdBmJHUP 906 $aBOOK 912 $a9910797884803321 996 $aBioart and the Vitality of Media$93698922 997 $aUNINA